• 首页
  • 本馆介绍
  • 公告通知
  • 最新文献
  • 馆藏检索
  • 电子资源
  • 读者导购
  • 参考咨询
  • 我的图书馆
  • 登录
  • 详细信息显示
  • 放入我的书架
  • 预约/预借图书
  • 作者相关作品
  • 分类相关作品
  • 丛书相关作品
  • 出版社相关作品

书目信息

  • 表格格式
  • 工作单格式
  • 卡片格式
题名:
市场化进程、企业家职能配置与经济增长
    
 
作者: 王然 著
分册:  
出版信息: 北京   经济科学出版社  2013
页数: 159页
开本: 21cm
丛书名: 暨南大学产业经济研究院博士文库
单 册:
中图分类: F279.2
科图分类:
主题词: 企业家--职能--配置--研究--中国 , 企业家 , 职能
电子资源:
ISBN: 978-7-5141-3897-9
000 01209oam2 2200289 450
001 519
005 20140909092820.71
010    @a978-7-5141-3897-9@dCNY23.00
100    @a20140117d2013 em y0chiy50 ea
101 0  @achi@deng
102    @aCN@b110000
105    @ay v 000yy
106    @ar
200 1  @a市场化进程、企业家职能配置与经济增长@AShi Chang Hua Jin Cheng、 Qi Ye Jia Zhi Neng Pei Zhi Yu Jing Ji Zeng Chang@dMarketization, the allocation of entrepreneurial talent and economic growth@f王然著@FWang Ran Zhu@zeng
210    @a北京@c经济科学出版社@d2013
215    @a159页@d21cm
225 2  @a暨南大学产业经济研究院博士文库
330    @a本书从微观层面的企业家职能配置的角度入手研究了我国经济增长的绩效问题,并验证了企业家精神对经济增长的推动作用不仅和企业家资源存量水平有关,更与企业家职能的配置状况紧密联系。
461  0 @12001 @a暨南大学产业经济研究院博士文库
510 1  @aMarketization, the allocation of entrepreneurial talent and economic growth@zeng
606 0  @a企业家@x职能@x配置@x研究@y中国
606 0  @a企业家
606 0  @a职能
690    @aF279.2@v5
701  0 @a王然@AWang Ran@c(女,@f1982~)@4著
801  0 @aCN@bTANGWEI@c20140603
905    @b0838903-05@dF279.2@e1126@f3
    
    市场化进程、企业家职能配置与经济增长=Marketization, the allocation of entrepreneurial talent and economic growth/王然著.-北京:经济科学出版社,2013
    159页;21cm.-(暨南大学产业经济研究院博士文库)
    
    
    ISBN 978-7-5141-3897-9:CNY23.00
    本书从微观层面的企业家职能配置的角度入手研究了我国经济增长的绩效问题,并验证了企业家精神对经济增长的推动作用不仅和企业家资源存量水平有关,更与企业家职能的配置状况紧密联系。
●
相关链接 在E读中查询图书 在五车中查询图书 在当当中查询图书 在豆瓣中查询图书


正题名:市场化进程、企业家职能配置与经济增长     索取号:F279.2/1126         预约/预借

序号 登录号 条形码 馆藏地/架位号 状态 备注
1 0838903   208389037   第一样本阅览室/ [索取号:F279.2/1126] 在馆    
2 0838904   208389046   密集书库-海洋学院/ [索取号:F279.2/1126] 在馆    
3 0838905   208389055   第一借阅区/ [索取号:F279.2/1126] 在馆    
唐山师范学院图书馆 欢迎您!
大连网信软件有限公司© 版权所有